Hungary : (Record no. 111237)

MARC details
000 -LEADER
fixed length control field 01045nam a2200325 a 4500
001 - CONTROL NUMBER
control field vtls000106134
003 - CONTROL NUMBER IDENTIFIER
control field NLI
005 - DATE AND TIME OF LATEST TRANSACTION
control field 20210601202518.0
008 - FIXED-LENGTH DATA ELEMENTS--GENERAL INFORMATION
fixed length control field 101125s1976 coubd 000 0 eng
020 ## - INTERNATIONAL STANDARD BOOK NUMBER
International Standard Book Number 0891580701 :
Terms of availability PND 15.50
039 #9 - LEVEL OF BIBLIOGRAPHIC CONTROL AND CODING DETAIL [OBSOLETE]
-- 201011251159
-- VLOAD
040 ## - CATALOGING SOURCE
Original cataloging agency NLI
Language of cataloging eng
Transcribing agency DataSoft
Description conventions AACR2
041 1# - LANGUAGE CODE
Language code of text/sound track or separate title eng
Language code of original hun
044 ## - COUNTRY OF PUBLISHING/PRODUCING ENTITY CODE
MARC country code cou
082 04 - DEWEY DECIMAL CLASSIFICATION NUMBER
Classification number 330.94391
100 1# - MAIN ENTRY--PERSONAL NAME
Personal name Enyedi, Gyongy
9 (RLIN) 223779
245 10 - TITLE STATEMENT
Title Hungary :
Remainder of title an economic geography /
Statement of responsibility, etc. Gyongy Enyedi ; translated from the Hungarian by Elex Helvei
250 ## - EDITION STATEMENT
Edition statement Rev. ed.
260 ## - PUBLICATION, DISTRIBUTION, ETC.
Place of publication, distribution, etc. Boulder :
Name of publisher, distributor, etc. Westview Press,
Date of publication, distribution, etc. 1976
300 ## - PHYSICAL DESCRIPTION
Extent xi, 287 p. :
Other physical details maps, charts ;
Dimensions 24 cm.
440 #0 - SERIES STATEMENT/ADDED ENTRY--TITLE
Title Westview special studies on contemporary Eastern Europe
9 (RLIN) 223780
650 #0 - SUBJECT ADDED ENTRY--TOPICAL TERM
Topical term or geographic name entry element Economic geography
9 (RLIN) 144403
651 #0 - SUBJECT ADDED ENTRY--GEOGRAPHIC NAME
Geographic name Hungary
General subdivision Economic conditions
9 (RLIN) 214041
700 1# - ADDED ENTRY--PERSONAL NAME
Personal name Helvei, Elex,
Relationship trl
9 (RLIN) 223781
887 ## - NON-MARC INFORMATION FIELD
Content of non-MARC field
901 ## - LOCAL DATA ELEMENT A, LDA (RLIN)
a 441028
b 01.02.1978
902 ## - LOCAL DATA ELEMENT B, LDB (RLIN)
a E330.94391 En96
949 ## - LOCAL PROCESSING INFORMATION (OCLC)
-- VIRTUAITEM
-- 10000
-- 100
6 PUR000441028ENG
942 ## - ADDED ENTRY ELEMENTS (KOHA)
Source of classification or shelving scheme Dewey Decimal Classification
Koha item type Books
Holdings
Withdrawn status Lost status Damaged status Not for loan Collection code Home library Current library Shelving location Date acquired Total Checkouts Full call number Barcode Date last seen Price effective from Koha item type
        New English National Library of India National Library of India New English - Main Stack Division     E330.94391 En96 PUR000441028ENG 01/06/2021 01/06/2021 Books
                                                                           
web counter

Copyright ©2020 The National Library of India, Govt. of India ↔ Hosted by NVLI, MOC ↔ Technology and Design by National Library of India, Ministry of Culture, Govt. of India